Stewart's clinical removable partial prosthodontics / (Record no. 18137)
[ view plain ]
| 000 -LEADER | |
|---|---|
| fixed length control field | 00925nam a22002657a 4500 |
| 005 - DATE AND TIME OF LATEST TRANSACTION | |
| control field | 20160908150859.0 |
| 008 - FIXED-LENGTH DATA ELEMENTS--GENERAL INFORMATION | |
| fixed length control field | 140320t2008 xxua frb 001 0 eng d |
| 020 ## - INTERNATIONAL STANDARD BOOK NUMBER | |
| International Standard Book Number | 9780867154856 |
| 082 04 - DEWEY DECIMAL CLASSIFICATION NUMBER | |
| Edition number | 22 |
| Item number | PHO |
| Classification number | 617.69 |
| 100 1# - MAIN ENTRY--PERSONAL NAME | |
| 9 (RLIN) | 35719 |
| Personal name | Phoenix, Rodney D. |
| 245 10 - TITLE STATEMENT | |
| Title | Stewart's clinical removable partial prosthodontics / |
| Statement of responsibility, etc | Rodney D. Phoenix, David R. Cagna, Charles F. DeFreest. |
| 250 ## - EDITION STATEMENT | |
| Edition statement | 4th ed. |
| 260 ## - PUBLICATION, DISTRIBUTION, ETC. (IMPRINT) | |
| Place of publication, distribution, etc | Chicago, United States : |
| Name of publisher, distributor, etc | Quintessence Books, |
| Date of publication, distribution, etc | c.2008. |
| Place of manufacture | (Ottawa) |
| 300 ## - PHYSICAL DESCRIPTION | |
| Extent | ix, 517 p. ; |
| Other physical details | ill. (col.) : |
| Dimensions | 28 cm. |
| 500 ## - GENERAL NOTE | |
| General note | Index : p. 511-517. |
| 504 ## - BIBLIOGRAPHY, ETC. NOTE | |
| Bibliography, etc | Bibliography : p. 509-510. |
| 650 #0 - SUBJECT ADDED ENTRY--TOPICAL TERM | |
| 9 (RLIN) | 30139 |
| Topical term or geographic name as entry element | Partial dentures, Removable |
| 650 #0 - SUBJECT ADDED ENTRY--TOPICAL TERM | |
| 9 (RLIN) | 30625 |
| Topical term or geographic name as entry element | Prosthodontics |
| 650 #0 - SUBJECT ADDED ENTRY--TOPICAL TERM | |
| 9 (RLIN) | 30140 |
| Topical term or geographic name as entry element | Denture, Partial, Removable |
| 653 ## - INDEX TERM--UNCONTROLLED | |
| Resource For college | |
| Arrived date list | March2014 |
| 655 ## - INDEX TERM--GENRE/FORM | |
| Form subdivision | |
| -- | 33728 |
| 700 1# - ADDED ENTRY--PERSONAL NAME | |
| Personal name | Cagna, David R. |
| 9 (RLIN) | 35720 |
| 700 1# - ADDED ENTRY--PERSONAL NAME | |
| Personal name | DeFreest, Charles F. |
| 9 (RLIN) | 35721 |
| 942 ## - ADDED ENTRY ELEMENTS (KOHA) | |
| Source of classification or shelving scheme | Dewey Decimal Classification |
| Call number prefix | 617.69 PHO |
| Withdrawn status | Item status | Source of classification or shelving scheme | Damaged status | Not for loan | Vendor | Home library | Current library | Shelving location | Date acquired | Source of acquisition | Cost, normal purchase price | Total Checkouts | Full call number | Barcode | Date last seen | Cost, replacement price | Koha item type | Total Renewals | Date last borrowed | Checked out |
|---|---|---|---|---|---|---|---|---|---|---|---|---|---|---|---|---|---|---|---|---|
| Dewey Decimal Classification | Baccah | Central Library | Central Library | First floor | 20/03/2014 | 680.00 | 617.69 PHO | 000035771 | 15/07/2025 | 850.00 | NB - Book (Non borrowing) | |||||||||
| Dewey Decimal Classification | Baccah | Central Library | Central Library | First floor | 20/03/2014 | 680.00 | 617.69 PHO | 000035772 | 15/07/2025 | 850.00 | Book - Borrowing | |||||||||
| Dewey Decimal Classification | Baccah | Central Library | Central Library | First floor | 20/03/2014 | 680.00 | 3 | 617.69 PHO | 000035773 | 15/07/2025 | 850.00 | Book - Borrowing | 44 | 06/09/2017 | ||||||
| Dewey Decimal Classification | Baccah | Central Library | Central Library | First floor | 20/03/2014 | 680.00 | 617.69 PHO | 000035774 | 15/07/2025 | 850.00 | Book - Borrowing | |||||||||
| Dewey Decimal Classification | Baccah | Central Library | Central Library | First floor | 20/03/2014 | 680.00 | 3 | 617.69 PHO | 000035775 | 15/04/2024 | 850.00 | Book - Borrowing | 44 | 15/04/2024 | 18/01/2025 | |||||
| Dewey Decimal Classification | Baccah | Central Library | Central Library | First floor | 20/03/2014 | 680.00 | 617.69 PHO | 000035776 | 15/07/2025 | 850.00 | Book - Borrowing |